गंगा : (Record no. 120399)

MARC details
000 -LEADER
fixed length control field 01333nam a22002657a 4500
005 - DATE AND TIME OF LATEST TRANSACTION
control field 20170124103157.0
010 ## - LIBRARY OF CONGRESS CONTROL NUMBER
LC control number A-394269
020 ## - INTERNATIONAL STANDARD BOOK NUMBER
Terms of availability 00.00
035 ## - SYSTEM CONTROL NUMBER
System control number A-394269
037 ## - SOURCE OF ACQUISITION
Source of stock number/acquisition Cen Lib/Ret
040 ## - CATALOGING SOURCE
Original cataloging agency DPL
Language of cataloging HN
082 ## - DEWEY DECIMAL CLASSIFICATION NUMBER
Classification number 915.4
Item number त्रिपाठी
100 ## - MAIN ENTRY--PERSONAL NAME
Personal name त्रिपाठी, ब्रह्मदत्त
9 (RLIN) 43912
245 ## - TITLE STATEMENT
Title गंगा :
Statement of responsibility, etc ब्रह्मदत्त त्रिपाठी [और] अखिलेश्कुमार सिंह
Remainder of title हिमालय से सागर तक पारिस्थितिकी अध्ययन /
246 ## - VARYING FORM OF TITLE
Title proper/short title Ganga : Himalay se sagar tak pristhitik adhyayan /
Remainder of title by Brahamdutt Tripathi [aur] Akhilesh Kumar Singh
260 ## - PUBLICATION, DISTRIBUTION, ETC. (IMPRINT)
Place of publication, distribution, etc वाराणसी
Name of publisher, distributor, etc नागरीप्रचारिगी सभा
300 ## - PHYSICAL DESCRIPTION
Extent 142पृ.
Dimensions 21सेमी(सजिल्द)
500 ## - GENERAL NOTE
General note अनुक्रमणिका शामिल
650 ## - SUBJECT ADDED ENTRY--TOPICAL TERM
Topical term or geographic name as entry element भूगोल
9 (RLIN) 90243
650 ## - SUBJECT ADDED ENTRY--TOPICAL TERM
Topical term or geographic name as entry element भौगोलिक विवरण--जलविधुत क्षमता
9 (RLIN) 83475
650 ## - SUBJECT ADDED ENTRY--TOPICAL TERM
Topical term or geographic name as entry element Geography
9 (RLIN) 90244
650 ## - SUBJECT ADDED ENTRY--TOPICAL TERM
Topical term or geographic name as entry element Topographically--Water electric capacity
9 (RLIN) 90245
700 ## - ADDED ENTRY--PERSONAL NAME
Personal name अखिलेश्कुमार सिंह
9 (RLIN) 9378
942 ## - ADDED ENTRY ELEMENTS (KOHA)
Source of classification or shelving scheme Dewey Decimal Classification
Koha item type Hindi Books
Classification part 915.4
Call number suffix त्रिपाठी
Holdings
Withdrawn status Lost status Damaged status Not for loan Home library Current library Date acquired Source of acquisition Cost, normal purchase price Total Checkouts Total Renewals Full call number Barcode Date last seen Date checked out Copy number Cost, replacement price Price effective from Koha item type
        Central Library Central Library 22/09/2015 Cen Lib/Ret 0.00 2 4 915.4 त्रिपाठी A-394269 22/09/2020 19/08/2020 1 0.00 22/09/2015 Hindi Books

© Delhi Public Library
Hit Counter
free hit counter